000 00836nam a2200217 a 4500
001 000015557
005 20200929164057.0
008 100212s2009 dr a r 000 0 spa d
020 _a9789945870312
040 _aDO-SdBNP
_bspa
_cBNPHU
082 _a378.01
_bD451i
245 0 0 _aDeserción en las instituciones de educación superior a distancia en América Latina y el Caribe /
_cÁngel Hernández, Claudio Rama, Yanet Jiminián, Magdalena Cruz.
260 _aSanto Domingo :
_bEdiciones UAPA,
_c2009.
300 _a221 P. :
_bil. ;
_c24 cm.
500 _aIncluye referencias bibliográficas y notas al pie de las páginas
650 4 _aEducación superior
_zAmérica Latina
_920447
700 1 _aHernández, Ángel
_911092
700 1 _aRama, Claudio
_935101
700 1 _aJiminián, Yanet
_935102
700 1 _aCruz, Jiminián
_935103
999 _c15113
_d15113